000 00485nam a2200169 a 4500
001 3076
003 CO-ViMGA
008 141112s2004 ck r 000 u spa d
040 _aCO-ViMGA
_bspa
_cCO-ViMGA
082 0 4 _a986.10642 E761
100 1 _aEspaña, Gonzalo
_95314
245 1 0 _aLa guerra civil de 1885, Nuñez y la derrota del radicalismo
260 _aBogotá :
_bAncora,
_c1985
300 _a199 p
650 1 4 _aCOLOMBIA - HISTORIA - GUERRA CIVIL 1885
_952407
942 _2ddc
_cBK
999 _c15131
_d15131